000 00767nam a2200253Ia 4500
003 OSt
005 20221005072547.0
006 a|||||r|||| 00| 0
007 ta
008 221004b |||||||| |||| 00| 0 eng d
020 _a8186700668 (hbk)
_c350
024 _a87521
037 _b1570, 24/12/2007, Vidyanidhi Prakashan
_cTextual
040 _aCRL
_cCRL
_beng
041 _2eng
_aeng
082 _aQ41v, P7
100 _aSarao K. T. S. Ed.
245 0 _aText book of the history of theravada buddhism
260 _aNew Delhi
_bDepartment of Buddhist Studies India
_c2007
300 _a207p.
_ccm.
650 _aRELIGION
942 _hQ41v, P7
_cTEXL
_2cc
999 _c979618
_d979618